[Event "Titled Tuesday intern op 29th Aug Early"]
[Site "Chess.com INT"]
[Date "2023.08.29"]
[Round "10"]
[White "Guzman Lozano, Campo Elias"]
[Black "Rom, Jasper B"]
[Result "0-1"]
[WhiteElo "1924"]
[BlackElo "2202"]
[PlyCount "80"]
[EventDate "2023.08.29"]
[EventType "swiss (blitz)"]
[EventRounds "11"]
[EventCountry "USA"]
[SourceTitle "EXT 2024"]
[Source "ChessBase"]
[SourceDate "2023.10.10"]
[SourceVersion "1"]
[SourceVersionDate "2023.10.10"]
[SourceQuality "1"]

1. Nc3 d5 2. d4 Bf5 3. Bf4 e6 4. e3 a6 5. Nf3 Nf6 6. Nh4 Bg6 7. Nxg6 hxg6 8. Ne2 c5 9. c3 Qb6 10. Qb3 Qxb3 11. axb3 Nc6 12. Kd2 Ne4+ 13. Ke1 g5 14. Bc7 Rc8 15. Bb6 Bd6 16. g3 cxd4 17. exd4 g4 18. Bg2 f5 19. Bxe4 dxe4 20. Kf1 g5 21. Kg2 Kf7 22. h4 gxh3+ 23. Rxh3 Rxh3 24. Kxh3 Rh8+ 25. Kg2 f4 26. f3 g4 27. Nxf4 exf3+ 28. Kf2 Rh2+ 29. Ke3 Ne7 30. Ke4 Nf5 31. Bc5 Nxg3+ 32. Kd3 Bxf4 33. Kc4 f2 34. d5 f1Q+ 35. Rxf1 Nxf1 36. dxe6+ Kxe6 37. b4 b5+ 38. Kd4 Be3+ 39. Ke4 Bxc5 40. bxc5 Rf2 0-1

[Event "Titled Tuesday intern op 15th Aug Early"]
[Site "Chess.com INT"]
[Date "2023.08.15"]
[Round "1"]
[White "Lobanov, Sergei"]
[Black "Rom, Jasper B"]
[Result "1-0"]
[WhiteElo "2520"]
[BlackElo "2202"]
[PlyCount "53"]
[EventDate "2023.08.15"]
[EventType "swiss (blitz)"]
[EventRounds "11"]
[EventCountry "USA"]
[SourceTitle "EXT 2024"]
[Source "ChessBase"]
[SourceDate "2023.10.10"]
[SourceVersion "1"]
[SourceVersionDate "2023.10.10"]
[SourceQuality "1"]

1. d4 d5 2. c4 e6 3. Nf3 c6 4. e3 Nf6 5. Bd3 dxc4 6. Bxc4 b5 7. Bd3 a6 8. a4 Bb7 9. 0-0 Nbd7 10. e4 c5 11. axb5 axb5 12. Rxa8 Qxa8 13. Bxb5 Bxe4 14. Nbd2 Bc6 15. Bxc6 Qxc6 16. Ne5 Nxe5 17. dxe5 Nd5 18. Nc4 Be7 19. Qg4 Kf8 20. Bd2 h5 21. Qf3 h4 22. Ra1 g6 23. h3 Kg7 24. Ra7 Ra8 25. Rxe7 Nxe7 26. Qf6+ Kf8 27. Nd6 1-0

[Event "Titled Tuesday intern op 18th Jul Early"]
[Site "Chess.com INT"]
[Date "2023.07.18"]
[Round "4"]
[White "Floresvillar Gonzalez, Luis Miguel"]
[Black "Rom, Jasper B"]
[Result "0-1"]
[WhiteElo "2019"]
[BlackElo "2202"]
[PlyCount "64"]
[EventDate "2023.07.18"]
[EventType "swiss (blitz)"]
[EventRounds "11"]
[EventCountry "USA"]
[SourceTitle "EXT 2024"]
[Source "ChessBase"]
[SourceDate "2023.10.10"]
[SourceVersion "1"]
[SourceVersionDate "2023.10.10"]
[SourceQuality "1"]

1. d4 d5 2. c3 e6 3. Bf4 Bd6 4. e3 Nf6 5. Nd2 0-0 6. Bd3 Nbd7 7. Ngf3 b6 8. 0-0 Bb7 9. Qe2 Ne4 10. Rae1 f5 11. Bxd6 cxd6 12. Bb5 Ndf6 13. Nxe4 fxe4 14. Nd2 a6 15. Ba4 b5 16. Bc2 e5 17. f3 exf3 18. Rxf3 e4 19. Rg3 Bc8 20. Bb3 Be6 21. Rf1 Qe7 22. a3 g6 23. Rf4 Kh8 24. h4 Nh5 25. Rxf8+ Rxf8 26. Rg5 Nf6 27. h5 Nxh5 28. Rxh5 gxh5 29. Qxh5 Rf5 30. Qh6 Qf6 31. Qh2 Bf7 32. Nxe4 Rf1# 0-1

[Event "Titled Tuesday intern op 18th Jul Early"]
[Site "Chess.com INT"]
[Date "2023.07.18"]
[Round "11"]
[White "Rangel, Daniel"]
[Black "Rom, Jasper B"]
[Result "0-1"]
[WhiteElo "2199"]
[BlackElo "2202"]
[PlyCount "88"]
[EventDate "2023.07.18"]
[EventType "swiss (blitz)"]
[EventRounds "11"]
[EventCountry "USA"]
[SourceTitle "EXT 2024"]
[Source "ChessBase"]
[SourceDate "2023.10.10"]
[SourceVersion "1"]
[SourceVersionDate "2023.10.10"]
[SourceQuality "1"]

1. c4 e6 2. g3 d5 3. Bg2 c6 4. Nf3 Nf6 5. 0-0 Nbd7 6. b3 Bd6 7. Ba3 c5 8. d4 b6 9. Nc3 Bb7 10. Nb5 Be7 11. cxd5 Bxd5 12. Nc3 Bb7 13. Bb2 0-0 14. Rc1 a6 15. Qd2 Rc8 16. Rfd1 c4 17. Qf4 b5 18. bxc4 Rxc4 19. e4 Qa8 20. e5 Nd5 21. Nxd5 Bxd5 22. Rxc4 bxc4 23. Bc1 Qb7 24. h4 h6 25. Qg4 Kh7 26. Ne1 Bxg2 27. Nxg2 Nb6 28. Nf4 Nd5 29. Nh5 g6 30. Nf4 Nc3 31. Rf1 Qe4 32. Bd2 Nd5 33. Qd1 Qxd4 34. Nxd5 Qxd5 35. Qc1 h5 36. Bf4 Rc8 37. Bg5 Bf8 38. Rd1 Qc6 39. Qf4 Qe8 40. Bf6 Bh6 41. Bg5 Bg7 42. Qe4 c3 43. Rc1 Qc6 44. Qf3 Qxf3 0-1

[Event "Titled Tuesday intern op 18th Jul Early"]
[Site "Chess.com INT"]
[Date "2023.07.18"]
[Round "10"]
[White "Rom, Jasper B"]
[Black "Thiel, Thomas"]
[Result "1-0"]
[WhiteElo "2202"]
[BlackElo "2195"]
[PlyCount "71"]
[EventDate "2023.07.18"]
[EventType "swiss (blitz)"]
[EventRounds "11"]
[EventCountry "USA"]
[SourceTitle "EXT 2024"]
[Source "ChessBase"]
[SourceDate "2023.10.10"]
[SourceVersion "1"]
[SourceVersionDate "2023.10.10"]
[SourceQuality "1"]

1. e4 d5 2. exd5 Nf6 3. d4 Nxd5 4. c4 Nb6 5. Nf3 g6 6. Nc3 Bg7 7. Be3 0-0 8. h3 Nc6 9. Be2 Re8 10. 0-0 e5 11. d5 Ne7 12. Qd2 Nf5 13. Bc5 Nd7 14. Ba3 e4 15. Nh2 Bd4 16. Ng4 e3 17. fxe3 Bb6 18. Rxf5 gxf5 19. Nh6+ Kg7 20. Nxf5+ Kh8 21. Na4 Nf6 22. Nxb6 axb6 23. Rf1 Re5 24. Bd3 Bxf5 25. Bxf5 Rxa3 26. bxa3 Qe7 27. Rf3 Qxa3 28. Qd4 Qe7 29. g4 b5 30. g5 Nh5 31. Bg4 Qxg5 32. Rf5 Qxe3+ 33. Qxe3 Rxe3 34. Bxh5 bxc4 35. Rxf7 c3 36. Rxc7 1-0

[Event "Titled Tuesday intern op 11th Jul Early"]
[Site "Chess.com INT"]
[Date "2023.07.11"]
[Round "7"]
[White "Rom, Jasper B"]
[Black "Baruch, Liam"]
[Result "1-0"]
[WhiteElo "2202"]
[BlackElo "1718"]
[PlyCount "97"]
[EventDate "2023.07.11"]
[EventType "swiss (blitz)"]
[EventRounds "11"]
[EventCountry "USA"]
[SourceTitle "EXT 2024"]
[Source "ChessBase"]
[SourceDate "2023.10.10"]
[SourceVersion "1"]
[SourceVersionDate "2023.10.10"]
[SourceQuality "1"]

1. e4 e5 2. Nf3 Nc6 3. Bb5 a6 4. Bxc6 dxc6 5. 0-0 f6 6. d4 exd4 7. Nxd4 Bd6 8. Qh5+ g6 9. Qd1 c5 10. Ne2 Bd7 11. Nbc3 Bc6 12. Nd5 Qd7 13. c4 0-0-0 14. Be3 f5 15. Nec3 Ne7 16. Bg5 Nxd5 17. exd5 Be7 18. Qc1 Bxg5 19. Qxg5 h6 20. Qc1 g5 21. Re1 f4 22. dxc6 Qxc6 23. Nd5 Kb8 24. Qc3 Rhf8 25. f3 h5 26. Re5 g4 27. Rxh5 Qg6 28. fxg4 Qxg4 29. Qf3 Qg6 30. Re1 Qg7 31. Rhe5 c6 32. Nc3 Rf7 33. Re8 Qg5 34. Rxd8+ Qxd8 35. Qe4 Ka7 36. Qe5 Qf8 37. Ne4 f3 38. gxf3 Rg7+ 39. Kf2 Ka8 40. Nxc5 Ka7 41. Ne6 Qh8 42. Qd4+ Ka8 43. Qxg7 Qxh2+ 44. Qg2 Qh4+ 45. Qg3 Qxc4 46. Qg8+ Ka7 47. Qg7 Qc2+ 48. Re2 Qc4 49. Qd4+ 1-0

[Event "Titled Tuesday intern op 27th Jun Early"]
[Site "Chess.com INT"]
[Date "2023.06.27"]
[Round "9"]
[White "Domingo Nunez, Ruben"]
[Black "Rom, Jasper B"]
[Result "0-1"]
[WhiteElo "2412"]
[BlackElo "2202"]
[PlyCount "146"]
[EventDate "2023.06.27"]
[EventType "swiss (blitz)"]
[EventRounds "11"]
[EventCountry "USA"]
[SourceTitle "EXT 2024"]
[Source "ChessBase"]
[SourceDate "2023.10.10"]
[SourceVersion "1"]
[SourceVersionDate "2023.10.10"]
[SourceQuality "1"]

1. g4 d5 2. Bg2 c6 3. h3 h5 4. g5 h4 5. c4 e6 6. d3 Be7 7. Nf3 Nd7 8. Nc3 f6 9. gxf6 Bxf6 10. Qc2 Ne7 11. e4 d4 12. Ne2 e5 13. Nh2 Nc5 14. b4 Ne6 15. f4 exf4 16. Nxf4 Be5 17. Nxe6 Bg3+ 18. Kd1 Bxe6 19. Nf3 b6 20. Bg5 Qd7 21. Kc1 a5 22. bxa5 Rxa5 23. Qb2 Rxg5 24. Nxg5 Bf4+ 25. Kc2 Bxg5 26. Qxb6 0-0 27. Raf1 Ra8 28. Ra1 Ng6 29. e5 Rc8 30. a4 Nf4 31. Be4 Bf5 32. Rhe1 Bxe4 33. Rxe4 Qxh3 34. Rxd4 Qg2+ 35. Kb3 Qd2 36. Qb7 Rf8 37. a5 Ne2 38. Re4 Qc3+ 39. Ka2 Qc2+ 40. Ka3 Qxd3+ 41. Kb4 Qxe4 42. a6 Bd2+ 43. Kc5 Be3+ 44. Kb4 c5+ 45. Kb5 Nc3+ 46. Kb6 Qxe5 47. a7 Qe6+ 48. Ka5 Qxc4 49. a8Q Rxa8+ 50. Qxa8+ Kh7 51. Kb6 Qb4+ 52. Kc6 c4 53. Qe8 Qc5+ 54. Kb7 Qd5+ 55. Kc8 Qc5+ 56. Kb7 Qd5+ 57. Kc8 Ne4 58. Kb8 Nd6 59. Qd7 Qc5 60. Ra6 Qb5+ 61. Qxb5 Nxb5 62. Ra5 Nd4 63. Rh5+ Kg6 64. Rxh4 Nf5 65. Rg4+ Kf6 66. Rxc4 g5 67. Kc7 Ke5 68. Kd7 Bd4 69. Rc1 g4 70. Re1+ Kf4 71. Ke6 g3 72. Kd5 Bf2 73. Rf1 Ne3+ 0-1

[Event "Titled Tuesday intern op 27th Jun Early"]
[Site "Chess.com INT"]
[Date "2023.06.27"]
[Round "6"]
[White "Gutierrez Olivares, Daniel"]
[Black "Rom, Jasper B"]
[Result "1-0"]
[WhiteElo "2354"]
[BlackElo "2202"]
[PlyCount "87"]
[EventDate "2023.06.27"]
[EventType "swiss (blitz)"]
[EventRounds "11"]
[EventCountry "USA"]
[SourceTitle "EXT 2024"]
[Source "ChessBase"]
[SourceDate "2023.10.10"]
[SourceVersion "1"]
[SourceVersionDate "2023.10.10"]
[SourceQuality "1"]

1. Nf3 d5 2. g3 Nf6 3. c4 e6 4. Bg2 Be7 5. 0-0 0-0 6. b3 b6 7. Bb2 Bb7 8. e3 Na6 9. Qe2 Nc5 10. d4 Nce4 11. Ne5 c5 12. f3 Nd6 13. dxc5 bxc5 14. Rd1 Qc7 15. cxd5 exd5 16. Na3 Qb6 17. g4 h6 18. Rac1 Rac8 19. Qf2 Rfe8 20. h4 Red8 21. g5 hxg5 22. hxg5 Nd7 23. Nxd7 Rxd7 24. Bh3 Rdd8 25. Bxc8 Rxc8 26. g6 fxg6 27. Qg3 Nf5 28. Qf4 Qe6 29. Nc2 Bd6 30. Qg5 Re8 31. Re1 Be7 32. Qg4 Qf7 33. b4 cxb4 34. Be5 Bc5 35. Bf4 d4 36. exd4 Nxd4 37. Nxd4 Bxd4+ 38. Kg2 Rf8 39. Kg3 Bc3 40. Re2 Bd5 41. Rh1 Bc4 42. Qh4 Qf5 43. Re7 Qxf4+ 44. Qxf4 1-0

[Event "Titled Tuesday intern op 27th Jun Early"]
[Site "Chess.com INT"]
[Date "2023.06.27"]
[Round "5"]
[White "Rom, Jasper B"]
[Black "De Souza, Cristiano Gomes"]
[Result "1-0"]
[WhiteElo "2202"]
[BlackElo "2018"]
[PlyCount "91"]
[EventDate "2023.06.27"]
[EventType "swiss (blitz)"]
[EventRounds "11"]
[EventCountry "USA"]
[SourceTitle "EXT 2024"]
[Source "ChessBase"]
[SourceDate "2023.10.10"]
[SourceVersion "1"]
[SourceVersionDate "2023.10.10"]
[SourceQuality "1"]

1. e4 c5 2. Nc3 d6 3. f4 a6 4. g3 b5 5. Bg2 Bb7 6. d3 g6 7. Nh3 Bg7 8. 0-0 e6 9. f5 exf5 10. exf5 Bxg2 11. Kxg2 Nf6 12. Qf3 Nbd7 13. Re1+ Ne5 14. Qc6+ Kf8 15. Qb7 Qc8 16. Qxc8+ Rxc8 17. Bf4 Nfg4 18. Ng5 h6 19. Nf3 Kg8 20. fxg6 fxg6 21. Nd2 h5 22. Nce4 Rd8 23. h3 Nh6 24. Nxc5 dxc5 25. Bxe5 c4 26. Nf3 cxd3 27. Rad1 Bxe5 28. Nxe5 Kg7 29. Rxd3 Rxd3 30. Nxd3 Rc8 31. c3 Rd8 32. Nf4 Rd2+ 33. Re2 Rxe2+ 34. Nxe2 Nf5 35. Kf3 Kf6 36. Ke4 Ke6 37. Nd4+ Nxd4 38. cxd4 g5 39. g4 hxg4 40. hxg4 Kd6 41. b4 Kc6 42. d5+ Kd6 43. Kd4 Ke7 44. Kc5 Kd7 45. d6 Ke6 46. Kc6 1-0

[Event "Titled Tuesday intern op 27th Jun Early"]
[Site "Chess.com INT"]
[Date "2023.06.27"]
[Round "4"]
[White "Rom, Jasper B"]
[Black "Lee, Linden"]
[Result "0-1"]
[WhiteElo "2202"]
[BlackElo "2191"]
[PlyCount "84"]
[EventDate "2023.06.27"]
[EventType "swiss (blitz)"]
[EventRounds "11"]
[EventCountry "USA"]
[SourceTitle "EXT 2024"]
[Source "ChessBase"]
[SourceDate "2023.10.10"]
[SourceVersion "1"]
[SourceVersionDate "2023.10.10"]
[SourceQuality "1"]

1. e4 e5 2. Nf3 Nf6 3. Nxe5 Nxe4 4. Qe2 Qe7 5. Qxe4 d6 6. d4 dxe5 7. Qxe5 Qxe5+ 8. dxe5 Nc6 9. f4 Bf5 10. c3 Bc5 11. Nd2 0-0-0 12. Nb3 Bb6 13. Bb5 f6 14. a4 a5 15. Bxc6 bxc6 16. Nd4 Be4 17. exf6 gxf6 18. Be3 Rhg8 19. Rg1 Bxg2 20. Kf2 Be4 21. Rg3 Rxg3 22. hxg3 Rg8 23. Rg1 h5 24. Nf3 Bd5 25. Nd4 Rg4 26. Nf3 Kd7 27. Rd1 Bxe3+ 28. Kxe3 Rxg3 29. c4 Rxf3+ 30. Ke2 Rxf4 31. cxd5 Rxa4 32. dxc6+ Kxc6 33. Kd3 Rf4 34. Kc3 h4 35. Rd8 h3 36. Rh8 Rf3+ 37. Kc4 f5 38. b3 f4 39. Rh6+ Kb7 40. Rh4 Rg3 41. Rxf4 h2 42. Rh4 Rg4+ 0-1

[Event "Titled Tuesday intern op 27th Jun Early"]
[Site "Chess.com INT"]
[Date "2023.06.27"]
[Round "2"]
[White "Rom, Jasper B"]
[Black "Skiadopoulos, Nikolaos"]
[Result "1-0"]
[WhiteElo "2202"]
[BlackElo "1896"]
[PlyCount "95"]
[EventDate "2023.06.27"]
[EventType "swiss (blitz)"]
[EventRounds "11"]
[EventCountry "USA"]
[SourceTitle "EXT 2024"]
[Source "ChessBase"]
[SourceDate "2023.10.10"]
[SourceVersion "1"]
[SourceVersionDate "2023.10.10"]
[SourceQuality "1"]

1. e4 c5 2. Nc3 Nc6 3. f4 g6 4. Nf3 Bg7 5. Bb5 e6 6. Bxc6 bxc6 7. 0-0 Ne7 8. d3 f5 9. Qe1 0-0 10. e5 Nd5 11. Bd2 Rb8 12. Rb1 d6 13. Na4 Nb4 14. Qd1 d5 15. Nxc5 Nxa2 16. c3 Qb6 17. d4 a5 18. Qa4 Nb4 19. cxb4 axb4 20. Rfc1 h6 21. Ra1 g5 22. fxg5 hxg5 23. Bxg5 Bb7 24. Qa5 Qxa5 25. Rxa5 Bc8 26. Ra7 b3 27. Rca1 f4 28. Rc7 Rf7 29. Raa7 Rxc7 30. Rxc7 Bf8 31. Bxf4 Bxc5 32. dxc5 Ba6 33. Nd4 Bd3 34. Nxe6 Ra8 35. Kf2 Ra2 36. Ke3 Bf5 37. Nd4 Be4 38. e6 Rxb2 39. Bh6 Rxg2 40. Rc8+ Kh7 41. Bf4 b2 42. Rb8 b1Q 43. Rxb1 Bxb1 44. Nxc6 Rg4 45. e7 Bg6 46. Ne5 d4+ 47. Kf3 Bh5 48. Nxg4 1-0

[Event "Titled Tuesday intern op 23rd May Early"]
[Site "Chess.com INT"]
[Date "2023.05.23"]
[Round "9"]
[White "Ovezdurdiyeva, Jemal"]
[Black "Rom, Jasper B"]
[Result "1-0"]
[WhiteElo "2078"]
[BlackElo "2202"]
[PlyCount "89"]
[EventDate "2023.05.23"]
[EventType "swiss (blitz)"]
[EventRounds "11"]
[EventCountry "USA"]
[SourceTitle "CBM 214 Extra"]
[Source "ChessBase"]
[SourceDate "2023.07.31"]
[SourceVersion "1"]
[SourceVersionDate "2023.07.31"]
[SourceQuality "1"]

1. e4 e6 2. d4 d5 3. Nd2 c5 4. Ngf3 Nc6 5. exd5 exd5 6. Bb5 Bd6 7. 0-0 Nge7 8. dxc5 Bxc5 9. Nb3 Bb6 10. Bg5 f6 11. Bf4 0-0 12. Nfd4 Ne5 13. Re1 N7g6 14. Bg3 a6 15. Be2 Re8 16. Kh1 Nc4 17. Qc1 Nge5 18. c3 a5 19. Nd2 Nd6 20. Qc2 Qc7 21. Rac1 Qf7 22. Qb3 Bc5 23. N2f3 Ne4 24. Bb5 Re7 25. Re2 Bg4 26. Rce1 Bxd4 27. cxd4 Nxf3 28. gxf3 Bxf3+ 29. Qxf3 Rc8 30. Bd3 f5 31. Bxe4 dxe4 32. Qf4 g6 33. Rd2 Qxa2 34. d5 Rd7 35. Qe5 Rcd8 36. Qe6+ Rf7 37. Bh4 Rdd7 38. Bg5 Qa4 39. Rc1 Kg7 40. Qe5+ Kg8 41. Rc8+ Rf8 42. Qe6+ Rdf7 43. Rxf8+ Kxf8 44. Bh6+ Kg8 45. Qc8+ 1-0

[Event "Titled Tuesday intern op 23rd May Early"]
[Site "Chess.com INT"]
[Date "2023.05.23"]
[Round "10"]
[White "Rom, Jasper B"]
[Black "Topalov, Aleksandar"]
[Result "0-1"]
[WhiteElo "2202"]
[BlackElo "2233"]
[PlyCount "82"]
[EventDate "2023.05.23"]
[EventType "swiss (blitz)"]
[EventRounds "11"]
[EventCountry "USA"]
[SourceTitle "CBM 214 Extra"]
[Source "ChessBase"]
[SourceDate "2023.07.31"]
[SourceVersion "1"]
[SourceVersionDate "2023.07.31"]
[SourceQuality "1"]

1. e4 e6 2. d4 d5 3. Bd3 dxe4 4. Bxe4 Nf6 5. Bf3 c5 6. Ne2 Nc6 7. Be3 e5 8. Bxc6+ bxc6 9. dxe5 Qxd1+ 10. Kxd1 Ng4 11. Re1 Nxe3+ 12. fxe3 Bf5 13. Nd2 0-0-0 14. Kc1 Re8 15. Nc4 Be4 16. g3 Bd5 17. Na5 Rxe5 18. c4 Be4 19. Nc3 Be7 20. Nxe4 Rxe4 21. b3 Kc7 22. Kc2 Bg5 23. Rad1 Rhe8 24. a3 Bxe3 25. b4 cxb4 26. axb4 Bb6 27. Rxe4 Rxe4 28. Rf1 f6 29. Kd3 Re3+ 30. Kd2 Ra3 31. Re1 Rxa5 32. Re7+ Kd6 33. Rxg7 Ra2+ 34. Kd3 c5 35. bxc5+ Kxc5 36. Rxh7 Ra3+ 37. Kc2 Kxc4 38. Rf7 Ra2+ 39. Kd1 Rxh2 40. Rxf6 Kd3 41. Ke1 Rh1+ 0-1

[Event "Titled Tuesday intern op 16th May Early"]
[Site "Chess.com INT"]
[Date "2023.05.16"]
[Round "7"]
[White "Bodnaruk, Anastasia"]
[Black "Rom, Jasper B"]
[Result "1-0"]
[WhiteElo "2350"]
[BlackElo "2202"]
[PlyCount "91"]
[EventDate "2023.05.16"]
[EventType "swiss (blitz)"]
[EventRounds "11"]
[EventCountry "USA"]
[SourceTitle "CBM 214 Extra"]
[Source "ChessBase"]
[SourceDate "2023.07.31"]
[SourceVersion "1"]
[SourceVersionDate "2023.07.31"]
[SourceQuality "1"]

1. e4 e6 2. d4 d5 3. e5 c5 4. c3 Nc6 5. Nf3 Bd7 6. Be2 Nge7 7. Na3 cxd4 8. cxd4 Nf5 9. Nc2 Qb6 10. 0-0 h5 11. Rb1 Rc8 12. Bd3 Ncxd4 13. Nfxd4 Nxd4 14. Be3 Bc5 15. b4 Nxc2 16. Bxc5 Qc7 17. Qxc2 b6 18. Ba6 Rb8 19. Qc3 bxc5 20. bxc5 0-0 21. Rbc1 Bc6 22. Rfd1 f6 23. Re1 f5 24. f4 Rfd8 25. Red1 Qd7 26. Rd4 Qf7 27. Qa5 Rd7 28. Qc3 Qg6 29. a3 Rc7 30. Qg3 Qxg3 31. hxg3 Kf7 32. Rc3 g5 33. Rb4 Rd8 34. Bb5 g4 35. Bxc6 Rxc6 36. Rb7+ Kg6 37. Rxa7 d4 38. Rb3 d3 39. Rbb7 Rg8 40. Rd7 Rxc5 41. Rxd3 Rc1+ 42. Kh2 Rc4 43. Rd6 Re8 44. Rdd7 Rg8 45. Ra6 Re8 46. a4 1-0

[Event "Titled Tuesday intern op 16th May Early"]
[Site "Chess.com INT"]
[Date "2023.05.16"]
[Round "3"]
[White "Vlassov, Nikolai"]
[Black "Rom, Jasper B"]
[Result "1-0"]
[WhiteElo "2283"]
[BlackElo "2202"]
[PlyCount "79"]
[EventDate "2023.05.16"]
[EventType "swiss (blitz)"]
[EventRounds "11"]
[EventCountry "USA"]
[SourceTitle "CBM 214 Extra"]
[Source "ChessBase"]
[SourceDate "2023.07.31"]
[SourceVersion "1"]
[SourceVersionDate "2023.07.31"]
[SourceQuality "1"]

1. e4 e6 2. d4 d5 3. Nc3 Nf6 4. e5 Nfd7 5. f4 c5 6. Nf3 Nc6 7. Be3 Be7 8. Qd2 0-0 9. h4 cxd4 10. Nxd4 Bxh4+ 11. Bf2 Bxf2+ 12. Qxf2 Nxd4 13. Qxd4 Qb6 14. Qd3 h6 15. 0-0-0 Nc5 16. Qg3 d4 17. Nb5 Na4 18. Rxd4 a6 19. Rxa4 Bd7 20. Nc3 Bxa4 21. Nxa4 Qd4 22. Nc3 Rfd8 23. Bd3 Rac8 24. Rxh6 Qg1+ 25. Kd2 b5 26. a3 Rxd3+ 27. cxd3 Qa1 28. Nd1 Qc1+ 29. Ke1 Rc2 30. Qe3 gxh6 31. Qg3+ Kf8 32. f5 Qd2+ 33. Kf1 Qxd1+ 34. Qe1 Qxd3+ 35. Kg1 Qd4+ 36. Kh1 Qd2 37. Qe4 Qc1+ 38. Kh2 Qg5 39. f6 Qf5 40. Qa8+ 1-0

[Event "Titled Tuesday intern op 09th May Early"]
[Site "Chess.com INT"]
[Date "2023.05.09"]
[Round "1"]
[White "Bacrot, Etienne"]
[Black "Rom, Jasper B"]
[Result "1-0"]
[WhiteElo "2667"]
[BlackElo "2202"]
[PlyCount "63"]
[EventDate "2023.05.09"]
[EventType "swiss (blitz)"]
[EventRounds "11"]
[EventCountry "USA"]
[SourceTitle "CBM 214 Extra"]
[Source "ChessBase"]
[SourceDate "2023.07.31"]
[SourceVersion "1"]
[SourceVersionDate "2023.07.31"]
[SourceQuality "1"]

1. e4 e6 2. Nf3 d5 3. exd5 exd5 4. d4 Bg4 5. h3 Bh5 6. Qe2+ Qe7 7. Be3 Nc6 8. Nc3 Bxf3 9. Qxf3 Nxd4 10. Qd1 Nf5 11. Qxd5 Nxe3 12. Bb5+ c6 13. Bxc6+ bxc6 14. Qxc6+ Qd7 15. Qxa8+ Ke7 16. Qe4+ Qe6 17. Qxe3 Qxe3+ 18. fxe3 Ke6 19. 0-0-0 Bc5 20. Nd5 Nh6 21. b4 Bd6 22. e4 Rc8 23. Kb2 Be5+ 24. Kb3 f6 25. c4 Nf7 26. c5 Ng5 27. Rhe1 Kf7 28. Kc4 Ne6 29. a4 a5 30. Nb6 Rc6 31. Kb5 Rc7 32. Rd7+ 1-0

[Event "Titled Tuesday intern op 09th May Early"]
[Site "Chess.com INT"]
[Date "2023.05.09"]
[Round "3"]
[White "Rom, Jasper B"]
[Black "Soham, Kamotra"]
[Result "1-0"]
[WhiteElo "2202"]
[BlackElo "2319"]
[PlyCount "77"]
[EventDate "2023.05.09"]
[EventType "swiss (blitz)"]
[EventRounds "11"]
[EventCountry "USA"]
[SourceTitle "CBM 214 Extra"]
[Source "ChessBase"]
[SourceDate "2023.07.31"]
[SourceVersion "1"]
[SourceVersionDate "2023.07.31"]
[SourceQuality "1"]

1. e4 c6 2. d4 d5 3. Nd2 dxe4 4. Nxe4 Nf6 5. Nxf6+ exf6 6. c3 Bd6 7. Bd3 0-0 8. Qc2 Re8+ 9. Ne2 h5 10. Be3 Nd7 11. 0-0 Nf8 12. Rfe1 g6 13. Rad1 Qc7 14. h3 Be6 15. c4 Rad8 16. Nc3 Bc8 17. d5 Be5 18. Be4 f5 19. Bf3 Nd7 20. Bg5 Nf6 21. c5 cxd5 22. Nxd5 Bh2+ 23. Kh1 Rxe1+ 24. Rxe1 Rxd5 25. Bxf6 Be5 26. Bxd5 Bxf6 27. Qc4 Kg7 28. b4 a6 29. a4 f4 30. b5 axb5 31. axb5 Bf5 32. b6 Qd7 33. c6 bxc6 34. Qxc6 Qd8 35. b7 Bd4 36. Re8 Qh4 37. b8Q Qxf2 38. Rg8+ Kh7 39. Qc1 1-0